What if an asterois hit earth?. (Record no. 114427)
[ view plain ]
| 000 -LEADER | |
|---|---|
| fixed length control field | 00338nam a2200121 a 4500 |
| 005 - DATE AND TIME OF LATEST TRANSACTION | |
| control field | 20140414132100.0 |
| 008 - FIXED-LENGTH DATA ELEMENTS--GENERAL INFORMATION | |
| fixed length control field | 100703s19uu xx 00 eng d |
| 050 ## - LIBRARY OF CONGRESS CALL NUMBER | |
| Classification number | M 363.3 |
| Item number | C32 2002 |
| 100 ## - MAIN ENTRY--PERSONAL NAME | |
| Personal name | Cefrey, Holly |
| 245 ## - TITLE STATEMENT | |
| Title | What if an asterois hit earth?. |
| 260 ## - PUBLICATION, DISTRIBUTION, ETC. (IMPRINT) | |
| Place of publication, distribution, etc | Danbury, Connecticut : |
| Name of publisher, distributor, etc | Children's press, |
| Date of publication, distribution, etc | 2002. |
| Withdrawn status | Lost status | Damaged status | Home library | Current library | Shelving location | Date acquired | Source of acquisition | Total Checkouts | Full call number | Barcode | Date last seen | Price effective from | Koha item type |
|---|---|---|---|---|---|---|---|---|---|---|---|---|---|
| Munich Library | Munich Library | Main Section | 07/03/2010 | M 363.3 C32 2002 | M6253 | 04/14/2014 | 04/14/2014 | Books |